000 00627npc a2200217Ia 4500
001 dp4/3-547 [d000000455]
003 IT-MiCISF
005 20250307125348.0
008 161014s9999||||xx | und||
040 _aIT-MiCISF
_cIT-MiCISF
041 _ait
100 _aMartini Carlo Maria
_92183
245 0 _aIl futuro dei nostri figli.
_bPensieri ad alta voce per dieci sere d'inverno
260 _a Milano,
_bCentro ambrosiano,
_c1990
300 _app. 31
500 _a / famiglia, educazione, fede, rapporti-genitori-figli /
650 _afamiglia
654 _asussidio
942 _cDD
_2ddc
999 _c206831
_d206831
999 _bsi